| 000 | 00667cam a22002411 4500 | ||
|---|---|---|---|
| 001 | sa 68003240 | ||
| 003 | DLC | ||
| 005 | 20260227112451.0 | ||
| 008 | 900220m19651966ii 000 0 sano | ||
| 010 | _asa 68003240 | ||
| 035 | _a(OCoLC)21099021 | ||
| 040 |
_aDLC _cWaU _dDLC |
||
| 041 | 0 | _asanenghin | |
| 042 | _apremarc | ||
| 050 | 0 | 0 |
_aPK3796 _b.M5 1966b |
| 100 | 0 | _aKālidāsa. | |
| 245 | 1 | 0 | _aMeghadūtam. |
| 260 | _c1965-66 [v. 1, 1966] | ||
| 300 |
_a2 v. in 1. _c19 cm. |
||
| 500 | _aEnglidh, Hindi and Sanskrti; notes in Hindi and Sanskrit; introductory mattter in Hindi. | ||
| 700 | 1 |
_aJhā, Tāriṇīsh, _d1922- |
|
| 700 | 1 | _aŚukla, Rāmacandra. | |
| 999 |
_c79331 _d79331 |
||